| 000 | 00525nam a22001937a 4500 | ||
|---|---|---|---|
| 005 | 20260515115023.0 | ||
| 008 | 240610b |||||||| |||| 00| 0 eng d | ||
| 040 |
_aIN-DiNC _cIN-DiNC |
||
| 041 | _dasm | ||
| 082 |
_a305.8 _bBOR |
||
| 100 |
_aBora, Bedabrat _eauthor |
||
| 245 |
_aPrithak rajyar dabi: _bAsamar janajati/ _cby Bedabrat Bora |
||
| 250 | _a2nd ed. | ||
| 260 |
_aGuwahati: _bSneha publication, _c2014. |
||
| 300 | _a196p. | ||
| 650 | _aTribes of Assam | ||
| 650 | _aDemand of separate state | ||
| 942 |
_2ddc _cBK |
||
| 999 |
_c11827 _d11827 |
||